[Event "Stay Safe Play From Home 377"]
[Site "Emanuel Lasker Arena"]
[Date "2020.08.12"]
[Round "1"]
[White "Mepe_Nika"]
[Black "Padmaesh M K"]
[Result "0-1"]
[WhiteElo "2372"]
[BlackElo "1803"]
[PlyCount "114"]
[EventDate "2020.08.12"]
[EventType "swiss (blitz)"]

1. d4 {[%emt 0:00:03]} Nf6 {[%emt 0:00:02]} 2. Bf4 {[%emt 0:00:01]} g6 {[%emt 0:00:00]} 3. e3 {[%emt 0:00:01]} Bg7 {[%emt 0:00:00]} 4. Nf3 {[%emt 0:00:00]} O-O {[%emt 0:00:00]} 5. h3 {[%emt 0:00:00]} d5 {[%emt 0:00:01]} 6. Be2 {[%emt 0:00:00]} c6 {[%emt 0:00:01]} 7. O-O {[%emt 0:00:01]} Nbd7 {[%emt 0:00:01]} 8. c4 {[%emt 0:00:01]} Ne4 {[%emt 0:00:01]} 9. Nc3 {[%emt 0:00:01]} Ndf6 {[%emt 0:00:02]} 10. Nxe4 {[%emt 0:00:01]} Nxe4 {[%emt 0:00:01]} 11. Nd2 {[%emt 0:00:00]} Re8 {[%emt 0:00:02]} 12. Nxe4 {[%emt 0:00:01]} dxe4 {[%emt 0:00:00]} 13. Qc2 {[%emt 0:00:01]} e5 {[%emt 0:00:01]} 14. dxe5 {[%emt 0:00:01]} Bxe5 {[%emt 0:00:00]} 15. Bxe5 {[%emt 0:00:00]} Rxe5 {[%emt 0:00:01]} 16. Rfd1 {[%emt 0:00:00]} Qf6 {[%emt 0:00:02]} 17. Rd4 {[%emt 0:00:02]} Bf5 {[%emt 0:00:02]} 18. Rad1 {[%emt 0:00:01]} Qg5 {[%emt 0:00:02]} 19. Kf1 {[%emt 0:00:04]} h5 {[%emt 0:00:02]} 20. Qc3 {[%emt 0:00:06]} Rae8 {[%emt 0:00:01]} 21. b4 {[%emt 0:00:03]} R5e6 {[%emt 0:00:01]} 22. c5 {[%emt 0:00:01]} Rf6 {[%emt 0:00:01]} 23. Bc4 {[%emt 0:00:02]} Be6 {[%emt 0:00:02]} 24. Bxe6 {[%emt 0:00:02]} Rexe6 {[%emt 0:00:00]} 25. Rd8+ {[%emt 0:00:01]} Kg7 {[%emt 0:00:01]} 26. R8d6 {[%emt 0:00:00]} Rxd6 {[%emt 0:00:02]} 27. Rxd6 {[%emt 0:00:01]} Qf5 {[%emt 0:00:01]} 28. Qb2 {[%emt 0:00:02]} g5 {[%emt 0:00:03]} 29. g4 {[%emt 0:00:01]} hxg4 {[%emt 0:00:01]} 30. hxg4 {[%emt 0:00:00]} Qf3 {[%emt 0:00:01]} 31. Rxf6 {[%emt 0:00:03]} Qxf6 {[%emt 0:00:01]} 32. Qxf6+ {[%emt 0:00:03]} Kxf6 {[%emt 0:00:00]} 33. Ke2 {[%emt 0:00:00]} Ke5 {[%emt 0:00:01]} 34. Kd2 {[%emt 0:00:01]} f5 {[%emt 0:00:01]} 35. gxf5 {[%emt 0:00:01]} Kxf5 {[%emt 0:00:00]} 36. Kc3 {[%emt 0:00:00]} Kg4 {[%emt 0:00:01]} 37. Kd2 {[%emt 0:00:02]} Kf3 {[%emt 0:00:00]} 38. Ke1 {[%emt 0:00:00]} g4 {[%emt 0:00:00]} 39. a4 {[%emt 0:00:00]} a6 {[%emt 0:00:00]} 40. a5 {[%emt 0:00:01]} g3 {[%emt 0:00:02]} 41. fxg3 {[%emt 0:00:00]} Kxg3 {[%emt 0:00:00]} 42. Ke2 {[%emt 0:00:01]} Kg2 {[%emt 0:00:01]} 43. Ke1 {[%emt 0:00:03]} Kf3 {[%emt 0:00:00]} 44. Kd2 {[%emt 0:00:01]} Kf2 {[%emt 0:00:00]} 45. Kd1 {[%emt 0:00:00]} Kxe3 {[%emt 0:00:01]} 46. Ke1 {[%emt 0:00:00]} Kd3 {[%emt 0:00:01]} 47. Kd1 {[%emt 0:00:00]} Kc4 {[%emt 0:00:00]} 48. Ke2 {[%emt 0:00:00]} Kxb4 {[%emt 0:00:00]} 49. Ke3 {[%emt 0:00:00]} Kxc5 {[%emt 0:00:00]} 50. Kxe4 {[%emt 0:00:00]} Kb5 {[%emt 0:00:00]} 51. Kd4 {[%emt 0:00:00]} Kxa5 {[%emt 0:00:00]} 52. Kc5 {[%emt 0:00:00]} b5 {[%emt 0:00:00]} 53. Kxc6 {[%emt 0:00:01]} b4 {[%emt 0:00:00]} 54. Kc5 {[%emt 0:00:00]} b3 {[%emt 0:00:00]} 55. Kc6 {[%emt 0:00:01]} b2 {[%emt 0:00:00]} 56. Kb7 {[%emt 0:00:00]} b1=Q+ {[%emt 0:00:00]} 57. Kc6 {[%emt 0:00:01]} Qd1 {[%emt 0:00:00] Time Time Time (Lag: Av=0.43s, max=0.9s) (Lag: Av=0.43s, max=0.9s) (Lag: Av=0.43s, max=0.9s)} 0-1

[Event "Stay Safe Play From Home 377"]
[Site "Emanuel Lasker Arena"]
[Date "2020.08.12"]
[Round "1"]
[White "Lamborghini"]
[Black "NTBT_DHS"]
[Result "0-1"]
[WhiteElo "2304"]
[BlackElo "2613"]
[PlyCount "140"]
[EventDate "2020.08.12"]
[EventType "swiss (blitz)"]

1. e4 {[%emt 0:00:01]} g6 {[%emt 0:00:00]} 2. d3 {[%emt 0:00:01]} Bg7 {[%emt 0:00:00]} 3. Nd2 {[%emt 0:00:00]} d6 {[%emt 0:00:00]} 4. Ngf3 {[%emt 0:00:00]} Nc6 {[%emt 0:00:00]} 5. c3 {[%emt 0:00:01]} e5 {[%emt 0:00:00]} 6. g3 {[%emt 0:00:01]} Nf6 {[%emt 0:00:00]} 7. Bg2 {[%emt 0:00:00]} O-O {[%emt 0:00:00]} 8. O-O {[%emt 0:00:00]} d5 {[%emt 0:00:00]} 9. Re1 {[%emt 0:00:01]} dxe4 {[%emt 0:00:01]} 10. dxe4 {[%emt 0:00:01]} Be6 {[%emt 0:00:01]} 11. Ng5 {[%emt 0:00:02]} Bd7 {[%emt 0:00:02]} 12. Qb3 {[%emt 0:00:01]} Na5 {[%emt 0:00:02]} 13. Qb4 {[%emt 0:00:02]} b6 {[%emt 0:00:01]} 14. c4 {[%emt 0:00:02]} c5 {[%emt 0:00:02]} 15. Qc3 {[%emt 0:00:01]} Nc6 {[%emt 0:00:00]} 16. Ngf3 {[%emt 0:00:03]} Re8 {[%emt 0:00:01]} 17. Nf1 {[%emt 0:00:02]} Nd4 {[%emt 0:00:01]} 18. Nxd4 {[%emt 0:00:01]} exd4 {[%emt 0:00:01]} 19. Qd3 {[%emt 0:00:01]} Bc6 {[%emt 0:00:00]} 20. f3 {[%emt 0:00:01]} Qc7 {[%emt 0:00:03]} 21. Bd2 {[%emt 0:00:01]} Rad8 {[%emt 0:00:01]} 22. Rad1 {[%emt 0:00:01]} Nd7 {[%emt 0:00:01]} 23. f4 {[%emt 0:00:01]} f6 {[%emt 0:00:03]} 24. b3 {[%emt 0:00:02]} Qb7 {[%emt 0:00:01]} 25. Bc1 {[%emt 0:00:03]} Re7 {[%emt 0:00:00]} 26. Nd2 {[%emt 0:00:02]} Rde8 {[%emt 0:00:01]} 27. Re2 {[%emt 0:00:01]} Nf8 {[%emt 0:00:04]} 28. Rde1 {[%emt 0:00:01]} Ne6 {[%emt 0:00:00]} 29. e5 {[%emt 0:00:01]} fxe5 {[%emt 0:00:02]} 30. Bxc6 {[%emt 0:00:02]} Qxc6 {[%emt 0:00:00]} 31. fxe5 {[%emt 0:00:01]} Ng5 {[%emt 0:00:02]} 32. Ne4 {[%emt 0:00:02]} Nxe4 {[%emt 0:00:04]} 33. Qxe4 {[%emt 0:00:00]} Qxe4 {[%emt 0:00:01]} 34. Rxe4 {[%emt 0:00:00]} Rxe5 {[%emt 0:00:00]} 35. Rxe5 {[%emt 0:00:01]} Rxe5 {[%emt 0:00:00]} 36. Rxe5 {[%emt 0:00:01]} Bxe5 {[%emt 0:00:00]} 37. Kf2 {[%emt 0:00:00]} Kf7 {[%emt 0:00:01]} 38. Kf3 {[%emt 0:00:00]} Ke6 {[%emt 0:00:01]} 39. Ke4 {[%emt 0:00:01]} Bd6 {[%emt 0:00:04]} 40. Bd2 {[%emt 0:00:01]} a6 {[%emt 0:00:00]} 41. a4 {[%emt 0:00:01]} Be5 {[%emt 0:00:02]} 42. Bg5 {[%emt 0:00:02]} Bc7 {[%emt 0:00:02]} 43. Bd2 {[%emt 0:00:01]} h5 {[%emt 0:00:00]} 44. Bg5 {[%emt 0:00:01]} Bd6 {[%emt 0:00:01]} 45. Bd8 {[%emt 0:00:01]} Kd7 {[%emt 0:00:03]} 46. Bxb6 {[%emt 0:00:01]} h4 {[%emt 0:00:00]} 47. gxh4 {[%emt 0:00:01]} Kc6 {[%emt 0:00:00]} 48. a5 {[%emt 0:00:01]} Bxh2 {[%emt 0:00:00]} 49. Bd8 {[%emt 0:00:01]} Bg3 {[%emt 0:00:02]} 50. Bg5 {[%emt 0:00:00]} Be1 {[%emt 0:00:01]} 51. Ke5 {[%emt 0:00:01]} Bxa5 {[%emt 0:00:01]} 52. Kf6 {[%emt 0:00:00]} d3 {[%emt 0:00:01]} 53. Kxg6 {[%emt 0:00:00]} d2 {[%emt 0:00:00]} 54. Bxd2 {[%emt 0:00:01]} Bxd2 {[%emt 0:00:00]} 55. Kf5 {[%emt 0:00:00]} Kb6 {[%emt 0:00:00]} 56. h5 {[%emt 0:00:00]} Ka5 {[%emt 0:00:00]} 57. h6 {[%emt 0:00:01]} Kb4 {[%emt 0:00:01]} 58. Ke4 {[%emt 0:00:00]} Bc3 {[%emt 0:00:00]} 59. h7 {[%emt 0:00:00]} Bd4 {[%emt 0:00:00]} 60. Kd5 {[%emt 0:00:00]} Bh8 {[%emt 0:00:00]} 61. Kc6 {[%emt 0:00:00]} Bd4 {[%emt 0:00:00]} 62. Kb6 {[%emt 0:00:00]} Kxb3 {[%emt 0:00:00]} 63. Kxa6 {[%emt 0:00:00]} Kxc4 {[%emt 0:00:00]} 64. Kb6 {[%emt 0:00:00]} Bh8 {[%emt 0:00:00]} 65. Kc6 {[%emt 0:00:00]} Kd4 {[%emt 0:00:00]} 66. Kd7 {[%emt 0:00:00]} c4 {[%emt 0:00:00]} 67. Ke8 {[%emt 0:00:00]} c3 {[%emt 0:00:00]} 68. Kf7 {[%emt 0:00:00]} c2 {[%emt 0:00:00]} 69. Kg8 {[%emt 0:00:00]} Be5 {[%emt 0:00:00]} 70. h8=Q {[%emt 0:00:01]} Bxh8 {[%emt 0:00:00] Zeit Zeit Zeit (Lag: Av=0.69s, max=1.6s) (Lag: Av=0.69s, max=1.6s) (Lag: Av=0.69s, max=1.6s)} 0-1

[Event "Stay Safe Play From Home 377"]
[Site "Emanuel Lasker Arena"]
[Date "2020.08.12"]
[Round "1"]
[White "SoulofWolf"]
[Black "Mandy"]
[Result "1-0"]
[WhiteElo "2105"]
[BlackElo "860"]
[PlyCount "37"]
[EventDate "2020.08.12"]
[EventType "swiss (blitz)"]

1. e4 {[%emt 0:00:01]} c6 {[%emt 0:00:03]} 2. Nc3 {[%emt 0:00:00]} d5 {[%emt 0:00:01]} 3. f4 {[%emt 0:00:01]} Nf6 {[%emt 0:00:03]} 4. e5 {[%emt 0:00:01]} Nfd7 {[%emt 0:00:05]} 5. Nf3 {[%emt 0:00:01]} e6 {[%emt 0:00:02]} 6. a3 {[%emt 0:00:01]} f6 {[%emt 0:00:01]} 7. d4 {[%emt 0:00:01]} b6 {[%emt 0:00:02]} 8. Be2 {[%emt 0:00:02]} Be7 {[%emt 0:00:02]} 9. O-O {[%emt 0:00:00]} O-O {[%emt 0:00:01]} 10. Be3 {[%emt 0:00:01]} Ba6 {[%emt 0:00:04]} 11. b4 {[%emt 0:00:03]} Bxe2 {[%emt 0:00:03]} 12. Qxe2 {[%emt 0:00:00]} b5 {[%emt 0:00:03]} 13. g4 {[%emt 0:00:02]} fxe5 {[%emt 0:00:02]} 14. fxe5 {[%emt 0:00:02]} g6 {[%emt 0:00:10]} 15. Rf2 {[%emt 0:00:02]} Qe8 {[%emt 0:00:02]} 16. Raf1 {[%emt 0:00:03]} Bh4 {[%emt 0:00:09]} 17. Nxh4 {[%emt 0:00:01]} g5 {[%emt 0:00:01]} 18. Bxg5 {[%emt 0:00:02]} Rxf2 {[%emt 0:00:06]} 19. Qxf2 {[%emt 0:00:01] Zeit Zeit Zeit (Lag: Av=0.43s, max=0.6s) (Lag: Av=0.43s, max=0.6s) (Lag: Av=0.43s, max=0.6s)} 1-0

[Event "Stay Safe Play From Home 377"]
[Site "Emanuel Lasker Arena"]
[Date "2020.08.12"]
[Round "1"]
[White "TheCHESSHOUSE"]
[Black "Tolka"]
[Result "0-1"]
[WhiteElo "1995"]
[BlackElo "2339"]
[PlyCount "96"]
[EventDate "2020.08.12"]
[EventType "swiss (blitz)"]

1. d4 {[%emt 0:00:04]} d6 {[%emt 0:00:05]} 2. c4 {[%emt 0:00:00]} e5 {[%emt 0:00:01]} 3. dxe5 {[%emt 0:00:01]} dxe5 {[%emt 0:00:00]} 4. Qxd8+ {[%emt 0:00:01]} Kxd8 {[%emt 0:00:00]} 5. Nf3 {[%emt 0:00:00]} f6 {[%emt 0:00:00]} 6. Nc3 {[%emt 0:00:01]} Be6 {[%emt 0:00:00]} 7. e3 {[%emt 0:00:01]} c6 {[%emt 0:00:00]} 8. Be2 {[%emt 0:00:02]} Kc7 {[%emt 0:00:00]} 9. O-O {[%emt 0:00:02]} Nd7 {[%emt 0:00:00]} 10. h3 {[%emt 0:00:00]} Nh6 {[%emt 0:00:00]} 11. a3 {[%emt 0:00:01]} a5 {[%emt 0:00:01]} 12. b3 {[%emt 0:00:02]} Nc5 {[%emt 0:00:01]} 13. Bd1 {[%emt 0:00:04]} Be7 {[%emt 0:00:02]} 14. Bb2 {[%emt 0:00:00]} Nd3 {[%emt 0:00:02]} 15. Ra2 {[%emt 0:00:07]} Nxb2 {[%emt 0:00:01]} 16. Rxb2 {[%emt 0:00:00]} Bxa3 {[%emt 0:00:00]} 17. Ra2 {[%emt 0:00:02]} Bb4 {[%emt 0:00:00]} 18. Na4 {[%emt 0:00:01]} Rhd8 {[%emt 0:00:03]} 19. Bc2 {[%emt 0:00:01]} g6 {[%emt 0:00:02]} 20. Ne1 {[%emt 0:00:04]} Nf7 {[%emt 0:00:02]} 21. Nd3 {[%emt 0:00:01]} Be7 {[%emt 0:00:01]} 22. Nac5 {[%emt 0:00:01]} Bc8 {[%emt 0:00:04]} 23. Na4 {[%emt 0:00:01]} b6 {[%emt 0:00:01]} 24. f3 {[%emt 0:00:02]} Bf5 {[%emt 0:00:01]} 25. e4 {[%emt 0:00:01]} Be6 {[%emt 0:00:01]} 26. Raa1 {[%emt 0:00:01]} Rd7 {[%emt 0:00:03]} 27. Nf2 {[%emt 0:00:01]} Rad8 {[%emt 0:00:01]} 28. Nc3 {[%emt 0:00:02]} h5 {[%emt 0:00:01]} 29. Nfd1 {[%emt 0:00:01]} Bc5+ {[%emt 0:00:01]} 30. Kh1 {[%emt 0:00:01]} Bb4 {[%emt 0:00:00]} 31. Na4 {[%emt 0:00:02]} h4 {[%emt 0:00:02]} 32. Ne3 {[%emt 0:00:01]} Bd2 {[%emt 0:00:03]} 33. Ng4 {[%emt 0:00:01]} Bxg4 {[%emt 0:00:02]} 34. fxg4 {[%emt 0:00:00]} Bg5 {[%emt 0:00:00]} 35. Bd1 {[%emt 0:00:02]} Rd2 {[%emt 0:00:02]} 36. Bf3 {[%emt 0:00:00]} R8d3 {[%emt 0:00:01]} 37. b4 {[%emt 0:00:01]} axb4 {[%emt 0:00:02]} 38. c5 {[%emt 0:00:01]} bxc5 {[%emt 0:00:05]} 39. Nxc5 {[%emt 0:00:01]} Ra3 {[%emt 0:00:00]} 40. Rab1 {[%emt 0:00:01]} b3 {[%emt 0:00:02]} 41. Nxb3 {[%emt 0:00:01]} Raa2 {[%emt 0:00:00]} 42. Nc5 {[%emt 0:00:00]} Rxg2 {[%emt 0:00:01]} 43. Ne6+ {[%emt 0:00:00]} Kd6 {[%emt 0:00:01]} 44. Bxg2 {[%emt 0:00:00]} Kxe6 {[%emt 0:00:01]} 45. Rf2 {[%emt 0:00:01]} Nd6 {[%emt 0:00:00]} 46. Rxf6+ {[%emt 0:00:01]} Bxf6 {[%emt 0:00:01]} 47. Rf1 {[%emt 0:00:00]} Rf2 {[%emt 0:00:01]} 48. Bf3 {[%emt 0:00:00]} Rg2 {[%emt 0:00:00] Time Time Time (Lag: Av=0.62s, max=1.1s) (Lag: Av=0.62s, max=1.1s) (Lag: Av=0.62s, max=1.1s) . . .} 0-1

[Event "Stay Safe Play From Home 377"]
[Site "Emanuel Lasker Arena"]
[Date "2020.08.12"]
[Round "1"]
[White "buzaglo"]
[Black "Aerocot"]
[Result "1-0"]
[WhiteElo "1889"]
[BlackElo "1331"]
[Annotator "NA"]
[PlyCount "67"]
[EventDate "2020.08.12"]
[EventType "swiss (blitz)"]

1. d4 {[%emt 0:00:01]} Nf6 {[%emt 0:00:02]} 2. Nf3 {[%emt 0:00:00]} e6 {[%emt 0:00:01]} 3. g3 {[%emt 0:00:00]} d5 {[%emt 0:00:00]} 4. Bg2 {[%emt 0:00:00]} Be7 {[%emt 0:00:01]} 5. O-O {[%emt 0:00:00]} O-O {[%emt 0:00:00]} 6. Nbd2 {[%emt 0:00:00]} c5 {[%emt 0:00:01]} 7. c4 {[%emt 0:00:00]} Nc6 {[%emt 0:00:01]} 8. dxc5 {[%emt 0:00:01]} Bxc5 {[%emt 0:00:02]} 9. cxd5 {[%emt 0:00:01]} Nxd5 {[%emt 0:00:01]} 10. Nb3 {[%emt 0:00:02]} Be7 {[%emt 0:00:02]} 11. Bd2 {[%emt 0:00:02]} a6 {[%emt 0:00:02]} 12. Rc1 {[%emt 0:00:01]} Bd7 {[%emt 0:00:01]} 13. Nc5 {[%emt 0:00:01]} Bxc5 {[%emt 0:00:02]} 14. Rxc5 {[%emt 0:00:00]} Qb6 {[%emt 0:00:01]} 15. Rc2 {[%emt 0:00:02]} Ncb4 {[%emt 0:00:02]} 16. Rc1 {[%emt 0:00:05]} Nxa2 {[%emt 0:00:03]} 17. Rb1 {[%emt 0:00:01]} Nab4 {[%emt 0:00:01]} 18. e4 {[%emt 0:00:03]} Nf6 {[%emt 0:00:02]} 19. Qb3 {[%emt 0:00:04]} a5 {[%emt 0:00:03]} 20. e5 {[%emt 0:00:02]} Nfd5 {[%emt 0:00:03]} 21. Rfd1 {[%emt 0:00:04]} Bc6 {[%emt 0:00:01]} 22. Bxb4 {[%emt 0:00:03]} Nxb4 {[%emt 0:00:02]} 23. Nd4 {[%emt 0:00:02]} Bxg2 {[%emt 0:00:03]} 24. Kxg2 {[%emt 0:00:00]} Rac8 {[%emt 0:00:03]} 25. Nf3 {[%emt 0:00:05]} Rc2 {[%emt 0:00:03]} 26. Rf1 {[%emt 0:00:03]} Rfc8 {[%emt 0:00:03]} 27. Rbd1 {[%emt 0:00:03]} h6 {[%emt 0:00:02]} 28. h4 {[%emt 0:00:01]} Nd5 {[%emt 0:00:04]} 29. Qxb6 {[%emt 0:00:03]} Nxb6 {[%emt 0:00:01]} 30. b4 {[%emt 0:00:00]} axb4 {[%emt 0:00:02]} 31. Nd4 {[%emt 0:00:00]} Nd5 {[%emt 0:00:01]} 32. Nxc2 {[%emt 0:00:01]} Rxc2 {[%emt 0:00:00]} 33. Rb1 {[%emt 0:00:00]} b5 {[%emt 0:00:02]} 34. Kf3 {[%emt 0:00:01] Time Time Time (Lag: Av=0.97s, max=1.5s) (Lag: Av=0.97s, max=1.5s) (Lag: Av=0.97s, max=1.5s)} 1-0

[Event "Stay Safe Play From Home 377"]
[Site "Emanuel Lasker Arena"]
[Date "2020.08.12"]
[Round "1"]
[White "CabianoFaruana"]
[Black "Hickey"]
[Result "0-1"]
[WhiteElo "1620"]
[BlackElo "2073"]
[PlyCount "50"]
[EventDate "2020.08.12"]
[EventType "swiss (blitz)"]

1. e4 {[%emt 0:00:04]} c6 {[%emt 0:00:02]} 2. d4 {[%emt 0:00:01]} d5 {[%emt 0:00:00]} 3. exd5 {[%emt 0:00:01]} cxd5 {[%emt 0:00:00]} 4. c4 {[%emt 0:00:00]} Nf6 {[%emt 0:00:01]} 5. Nc3 {[%emt 0:00:00]} g6 {[%emt 0:00:01]} 6. Bg5 {[%emt 0:00:00]} Bg7 {[%emt 0:00:03]} 7. Nf3 {[%emt 0:00:01]} O-O {[%emt 0:00:02]} 8. Qb3 {[%emt 0:00:02]} dxc4 {[%emt 0:00:02]} 9. Bxc4 {[%emt 0:00:00]} Nc6 {[%emt 0:00:00]} 10. Qc2 {[%emt 0:00:02]} Nxd4 {[%emt 0:00:01]} 11. Nxd4 {[%emt 0:00:02]} Qxd4 {[%emt 0:00:00]} 12. Be2 {[%emt 0:00:01]} Qe5 {[%emt 0:00:02]} 13. Be3 {[%emt 0:00:01]} Bf5 {[%emt 0:00:01]} 14. Qb3 {[%emt 0:00:01]} Ne4 {[%emt 0:00:02]} 15. O-O {[%emt 0:00:02]} Nxc3 {[%emt 0:00:01]} 16. bxc3 {[%emt 0:00:00]} Qxc3 {[%emt 0:00:00]} 17. Qxb7 {[%emt 0:00:01]} Qxa1 {[%emt 0:00:02]} 18. Rxa1 {[%emt 0:00:02]} Bxa1 {[%emt 0:00:00]} 19. Qxe7 {[%emt 0:00:01]} Bg7 {[%emt 0:00:01]} 20. g3 {[%emt 0:00:01]} Rfe8 {[%emt 0:00:01]} 21. Qc5 {[%emt 0:00:02]} Be4 {[%emt 0:00:01]} 22. f3 {[%emt 0:00:02]} Rec8 {[%emt 0:00:01]} 23. Qd4 {[%emt 0:00:02]} Bf5 {[%emt 0:00:01]} 24. Kf2 {[%emt 0:00:01]} Bxd4 {[%emt 0:00:02]} 25. Bxd4 {[%emt 0:00:01]} Rc2 {[%emt 0:00:00] CabianoFaruana resigns CabianoFaruana resigns CabianoFaruana resigns (Lag: Av=0.78s, max=1.0s) (Lag: Av=0.78s, max=1.0s) (Lag: Av=0.78s, max=1.0s)} 0-1

[Event "Stay Safe Play From Home 377"]
[Site "Emanuel Lasker Arena"]
[Date "2020.08.12"]
[Round "1"]
[White "Ao017545"]
[Black "SelamiSahin"]
[Result "0-1"]
[WhiteElo "1513"]
[BlackElo "2176"]
[Annotator "NA"]
[PlyCount "108"]
[EventDate "2020.08.12"]
[EventType "swiss (blitz)"]

{- Yarar, Atakan} 1. e3 {[%emt 0:00:05]} c6 {[%emt 0:00:00]} 2. Nf3 {[%emt 0:00:00]} d5 {[%emt 0:00:00]} 3. Nc3 {[%emt 0:00:01]} Nf6 {[%emt 0:00:00]} 4. Bd3 {[%emt 0:00:00]} Bg4 {[%emt 0:00:00]} 5. e4 {[%emt 0:00:01]} Nbd7 {[%emt 0:00:01]} 6. exd5 {[%emt 0:00:01]} cxd5 {[%emt 0:00:01]} 7. Bb5 {[%emt 0:00:01]} e6 {[%emt 0:00:01]} 8. h3 {[%emt 0:00:01]} Bh5 {[%emt 0:00:01]} 9. g4 {[%emt 0:00:01]} Bg6 {[%emt 0:00:01]} 10. Ne5 {[%emt 0:00:00]} Bd6 {[%emt 0:00:01]} 11. d4 {[%emt 0:00:01]} a6 {[%emt 0:00:01]} 12. Ba4 {[%emt 0:00:06]} O-O {[%emt 0:00:02]} 13. Bxd7 {[%emt 0:00:04]} Nxd7 {[%emt 0:00:00]} 14. Nxg6 {[%emt 0:00:03]} hxg6 {[%emt 0:00:01]} 15. Be3 {[%emt 0:00:00]} b5 {[%emt 0:00:01]} 16. Qd3 {[%emt 0:00:01]} Nf6 {[%emt 0:00:03]} 17. Ne2 {[%emt 0:00:01]} Qa5+ {[%emt 0:00:01]} 18. Bd2 {[%emt 0:00:02]} b4 {[%emt 0:00:02]} 19. b3 {[%emt 0:00:02]} Rac8 {[%emt 0:00:05]} 20. O-O {[%emt 0:00:01]} Qb6 {[%emt 0:00:02]} 21. a3 {[%emt 0:00:00]} a5 {[%emt 0:00:01]} 22. axb4 {[%emt 0:00:01]} Bxb4 {[%emt 0:00:00]} 23. Bxb4 {[%emt 0:00:01]} Qxb4 {[%emt 0:00:00]} 24. Nf4 {[%emt 0:00:01]} Ne4 {[%emt 0:00:01]} 25. Ne2 {[%emt 0:00:01]} Rc7 {[%emt 0:00:04]} 26. Ra4 {[%emt 0:00:00]} Qb6 {[%emt 0:00:01]} 27. Rfa1 {[%emt 0:00:01]} Rfc8 {[%emt 0:00:01]} 28. c4 {[%emt 0:00:05]} Nf6 {[%emt 0:00:04]} 29. cxd5 {[%emt 0:00:02]} Nxd5 {[%emt 0:00:02]} 30. Rxa5 {[%emt 0:00:01]} Qd6 {[%emt 0:00:01]} 31. Ra6 {[%emt 0:00:01]} Qe7 {[%emt 0:00:02]} 32. Ng3 {[%emt 0:00:03]} Qg5 {[%emt 0:00:02]} 33. Ne4 {[%emt 0:00:00]} Qf4 {[%emt 0:00:01]} 34. Nc5 {[%emt 0:00:04]} Nb4 {[%emt 0:00:01]} 35. Qe3 {[%emt 0:00:01]} Qxe3 {[%emt 0:00:01]} 36. fxe3 {[%emt 0:00:00]} Nxa6 {[%emt 0:00:00]} 37. Nxa6 {[%emt 0:00:01]} Rc1+ {[%emt 0:00:00]} 38. Rxc1 {[%emt 0:00:01]} Rxc1+ {[%emt 0:00:00]} 39. Kg2 {[%emt 0:00:00]} Rb1 {[%emt 0:00:01]} 40. Kf3 {[%emt 0:00:00]} Rxb3 {[%emt 0:00:01]} 41. Nc5 {[%emt 0:00:00]} Rb5 {[%emt 0:00:01]} 42. Nd7 {[%emt 0:00:00]} Rd5 {[%emt 0:00:01]} 43. Ne5 {[%emt 0:00:00]} g5 {[%emt 0:00:01]} 44. Nd3 {[%emt 0:00:01]} f6 {[%emt 0:00:01]} 45. Nb4 {[%emt 0:00:00]} Rd6 {[%emt 0:00:01]} 46. Nd3 {[%emt 0:00:00]} Kf7 {[%emt 0:00:01]} 47. Nb4 {[%emt 0:00:00]} Rd7 {[%emt 0:00:01]} 48. Na2 {[%emt 0:00:00]} Rb7 {[%emt 0:00:00]} 49. Nc3 {[%emt 0:00:00]} Rb3 {[%emt 0:00:01]} 50. Ne2 {[%emt 0:00:00]} Rb2 {[%emt 0:00:01]} 51. Ng3 {[%emt 0:00:00]} Rc2 {[%emt 0:00:00]} 52. Ne4 {[%emt 0:00:00]} Rh2 {[%emt 0:00:01]} 53. Nd6+ {[%emt 0:00:00]} Ke7 {[%emt 0:00:01]} 54. Nc4 {[%emt 0:00:00]} Rxh3+ {[%emt 0:00:00] Zaman Zaman Zaman (Lag: Av=0.62s, max=1.3s) (Lag: Av=0.62s, max=1.3s) (Lag: Av=0.62s, max=1.3s)} 0-1

[Event "Stay Safe Play From Home 377"]
[Site "Emanuel Lasker Arena"]
[Date "2020.08.12"]
[Round "1"]
[White "Klasman"]
[Black "AChessPlayer"]
[Result "0-1"]
[WhiteElo "1318"]
[BlackElo "2410"]
[PlyCount "58"]
[EventDate "2020.08.12"]
[EventType "swiss (blitz)"]

1. f4 {[%emt 0:00:01]} d6 {[%emt 0:00:02]} 2. d4 {[%emt 0:00:02]} g6 {[%emt 0:00:00]} 3. Nf3 {[%emt 0:00:01]} Bg7 {[%emt 0:00:01]} 4. e4 {[%emt 0:00:01]} a6 {[%emt 0:00:02]} 5. c4 {[%emt 0:00:01]} c5 {[%emt 0:00:02]} 6. d5 {[%emt 0:00:01]} b5 {[%emt 0:00:01]} 7. cxb5 {[%emt 0:00:03]} Nf6 {[%emt 0:00:01]} 8. bxa6 {[%emt 0:00:02]} Nxe4 {[%emt 0:00:01]} 9. Bd3 {[%emt 0:00:02]} Qa5+ {[%emt 0:00:03]} 10. Nbd2 {[%emt 0:00:03]} Nxd2 {[%emt 0:00:02]} 11. Bxd2 {[%emt 0:00:01]} Qc7 {[%emt 0:00:02]} 12. Qe2 {[%emt 0:00:04]} O-O {[%emt 0:00:02]} 13. O-O {[%emt 0:00:02]} Bxa6 {[%emt 0:00:01]} 14. a3 {[%emt 0:00:05]} c4 {[%emt 0:00:02]} 15. Bxc4 {[%emt 0:00:07]} Bxc4 {[%emt 0:00:01]} 16. Rac1 {[%emt 0:00:01]} Bxe2 {[%emt 0:00:01]} 17. Rxc7 {[%emt 0:00:01]} Bxf1 {[%emt 0:00:00]} 18. Kxf1 {[%emt 0:00:01]} Bf6 {[%emt 0:00:01]} 19. Bc3 {[%emt 0:00:02]} Na6 {[%emt 0:00:01]} 20. Bxf6 {[%emt 0:00:03]} Nxc7 {[%emt 0:00:02]} 21. Bxe7 {[%emt 0:00:01]} Rfe8 {[%emt 0:00:00]} 22. Bxd6 {[%emt 0:00:01]} Nxd5 {[%emt 0:00:00]} 23. Be5 {[%emt 0:00:02]} f6 {[%emt 0:00:02]} 24. Bd4 {[%emt 0:00:02]} Rac8 {[%emt 0:00:00]} 25. Kf2 {[%emt 0:00:02]} Nxf4 {[%emt 0:00:01]} 26. Kg3 {[%emt 0:00:02]} Ne2+ {[%emt 0:00:02]} 27. Kh3 {[%emt 0:00:01]} Nxd4 {[%emt 0:00:00]} 28. Nxd4 {[%emt 0:00:01]} Kf7 {[%emt 0:00:00]} 29. b4 {[%emt 0:00:02]} Re4 {[%emt 0:00:01] Time Time Time (Lag: Av=0.61s, max=1.5s) (Lag: Av=0.61s, max=1.5s) (Lag: Av=0.61s, max=1.5s)} 0-1